Obálka Náhled e-knihy:
Epub
Pro půjčování e-knih musíte být přihlášeni.
Jak si půjčit online?

Útěk do Budína /

Přesvědčivý příběh vášnivé lásky, která nehledí na konvence a která spojí dvě rozdílné povahy. Českou měšťanskou dívku Janu Myslbekovou a Tomáše Baránya, synka z patriarchální slovenské statkářské rodiny, svedou dohromady studia na Univezitě Karlově. Bez rozmyšlení zvolí společnou budoucnost, ale uk...

Celý popis

Uloženo v:
Hlavní autor: Vančura, Vladislav (Autor)
Médium: E-kniha
Jazyk:Czech
Vydáno: Praha : Artis, 2022
Tagy:
Žádné tagy
LEADER 01481nam a22002297i 4500
001 311768
007 ta
008 260601s2022 xr ||||| |||| 00| 0 cze d
020 |a 9990003645241 
044 |a xr 
100 1 |a  Vančura, Vladislav  |4 aut 
245 1 0 |a Útěk do Budína /  |c  Vančura, Vladislav 
264 1 |a Praha :  |b Artis,  |c 2022 
300 |a 1 online zdroj (121 stran) 
336 |a text  |b txt  |2 rdacontent 
337 |a bez média  |b n  |2 rdamedia 
338 |a online zdroj  |b cr  |2 rdacarrier 
520 2 |a Přesvědčivý příběh vášnivé lásky, která nehledí na konvence a která spojí dvě rozdílné povahy. Českou měšťanskou dívku Janu Myslbekovou a Tomáše Baránya, synka z patriarchální slovenské statkářské rodiny, svedou dohromady studia na Univezitě Karlově. Bez rozmyšlení zvolí společnou budoucnost, ale ukáže se, že Tomáš neunesl odpovědnost, kterou manželství v komplikované společenské situaci představuje, a i když láska dvojici nikdy zcela neopustila, vztah krachuje a končí tragicky. Tomáš spáchá v Budapešti sebevraždu. 
910 |a RBIT002 
998 |d 364524  |a https://core.palmknihy.cz/api/books/364524/cover?rlsc4w  |b https://core.palmknihy.cz/api/books/364524/cover/400?rlsc4w  |c https://core.palmknihy.cz/api/books/364524/cover/50?rlsc4w  |e 2099-01-01  |g 121  |i 9990003645241  |j https://core.palmknihy.cz/api/books/364524/preview.epub  |l   |q 49  |r 1  |s https://www.palmknihy.cz/kniha/364524  |t ebook  |y 2022  |z 1 
999 |d 311766